000 00953nam a2200313 a 4500
001 000110790
003 CHAP
005 20220329144146.0
008 141006s2011 it a |s| ||||||eng d
010 _a107252
011 _a108224
020 _a9789251069554
040 _cCHAP
090 _aCD-433y
245 1 0 _aIntegrated food security phase classification. IPC Version 1.1
_h[Disco compacto]
_cpor FAO.
260 _aRoma :
_bFAO,
_c2011 .
300 _a1 CD ROM ;
_c4 3/4 plg. .
590 _aE11695DGD
_b10
_c20141007
_lUCH01
_h1013
590 _aE5995AHE
_b05
_c20141006
_lUCH01
_h0958
590 _aE5995AHE
_b05
_c20141006
_lUCH01
_h1115
590 _aE5995AHE
_b05
_c20141006
_lUCH01
_h1417
650 1 4 _aCooperación agrícola internacional.
_927767
650 1 4 _aPolítica alimentaria.
_990389
650 1 4 _aProyectos de desarrollo.
_992528
650 1 4 _aSeguridad alimentaria.
_9103673
901 _aBK
942 _cCD
942 _n0
999 _c107252
_d107252